Kluby Ekstraklasy, I, II i III Ligi na mapie w sezonie 2021/22 - Statystyki

Ogólne statystyki
  • Ten quiz został rozwiązany 1 579 razy
  • Średni wynik to 44 z 127
Odpowiedzi na mapie
Odpowiedzi zakodowano w zielono-czerwonej skali na mapie do tego quizu, zgodnie z poniższymi procentami.
 
Statystyki odpowiedzi
Poziom rozgrywek Klub % Poprawnych
Ekstraklasa Legia Warszawa
88%
Ekstraklasa Lech Poznań
87%
Ekstraklasa Lechia Gdańsk
83%
Ekstraklasa Pogoń Szczecin
82%
I liga Arka Gdynia
81%
Ekstraklasa Wisła Kraków
80%
Ekstraklasa Jagiellonia Białystok
78%
Ekstraklasa Śląsk Wrocław
78%
Ekstraklasa Cracovia
77%
Ekstraklasa Warta Poznań
76%
Ekstraklasa Górnik Zabrze
74%
I liga Widzew Łódź
74%
Ekstraklasa Raków Częstochowa
73%
I liga ŁKS Łódź
72%
Ekstraklasa Wisła Płock
72%
Ekstraklasa Zagłębie Lubin
72%
Ekstraklasa Radomiak Radom
70%
I liga GKS Katowice
68%
I liga Korona Kielce
68%
II liga Motor Lublin
68%
Ekstraklasa Stal Mielec
67%
Ekstraklasa Piast Gliwice
66%
III liga gr. I Polonia Warszawa
66%
II liga Ruch Chorzów
66%
II liga Stal Rzeszów
62%
Ekstraklasa Górnik Łęczna
61%
I liga Miedź Legnica
61%
I liga Resovia Rzeszów
59%
I liga Odra Opole
58%
I liga Stomil Olsztyn
58%
I liga Zagłębie Sosnowiec
58%
Ekstraklasa Bruk-Bet Termalica Nieciecza
57%
I liga Puszcza Niepołomice
56%
I liga GKS Tychy
54%
I liga Sandecja Nowy Sącz
54%
I liga Podbeskidzie Bielsko-Biała
53%
II liga Wigry Suwałki
51%
II liga Znicz Pruszków
50%
II liga Hutnik Kraków
49%
III liga gr. II Kotwica Kołobrzeg
49%
I liga Chrobry Głogów
48%
III liga gr. II Zawisza Bydgoszcz
48%
III liga gr. II Elana Toruń
47%
III liga gr. III Polonia Bytom
47%
I liga Skra Częstochowa
47%
II liga GKS Bełchatów
46%
II liga Pogoń Siedlce
46%
II liga Olimpia Elbląg
45%
II liga Chojniczanka Chojnice
44%
II liga KKS 1925 Kalisz
44%
II liga Garbarnia Kraków
43%
III liga gr. IV Stal Stalowa Wola
38%
I liga GKS Jastrzębie
37%
II liga Wisła Puławy
36%
I liga Górnik Polkowice
34%
III liga gr. II Olimpia Grudziądz
34%
III liga gr. IV Siarka Tarnobrzeg
34%
III liga gr. III Lechia Zielona Góra
32%
III liga gr. IV KSZO 1929 Ostrowiec Świętokrzyski
30%
III liga gr. IV Unia Tarnów
30%
II liga Lech II Poznań
26%
III liga gr. II Bałtyk Gdynia
25%
III liga gr. I Broń Radom
24%
III liga gr. III Ślęza Wrocław
24%
III liga gr. IV Avia Świdnik
23%
III liga gr. II Błękitni Stargard
23%
II liga Śląsk II Wrocław
23%
III liga gr. I Legia II Warszawa
22%
III liga gr. IV Chełmianka Chełm
21%
III liga gr. I Legionovia Legionowo
21%
II liga Radunia Stężyca
21%
III liga gr. I Unia Skierniewice
21%
III liga gr. IV Wisła Sandomierz
21%
III liga gr. I Jagiellonia II Białystok
20%
III liga gr. IV Podhale Nowy Targ
20%
II liga Pogoń Grodzisk Mazowiecki
20%
III liga gr. IV Wisłoka Dębica
20%
III liga gr. III Odra Wodzisław Śląski
19%
III liga gr. III Rekord Bielsko-Biała
19%
III liga gr. III Zagłębie II Lubin
19%
III liga gr. II Pogoń II Szczecin
18%
III liga gr. III MKS Kluczbork
17%
II liga Sokół Ostróda
17%
III liga gr. I Świt Nowy Dwór Mazowiecki
17%
III liga gr. II Świt Szczecin
17%
III liga gr. IV Cracovia II
16%
III liga gr. I ŁKS II Łódź
15%
III liga gr. I Pelikan Łowicz
15%
III liga gr. I Lechia Tomaszów Mazowiecki
14%
III liga gr. I Ursus Warszawa
14%
III liga gr. III Górnik II Zabrze
13%
III liga gr. IV Podlasie Biała Podlaska
13%
III liga gr. III Warta Gorzów Wielkopolski
13%
III liga gr. II Bałtyk Koszalin
12%
III liga gr. III Karkonosze Jelenia Góra
12%
III liga gr. III Miedź II Legnica
12%
III liga gr. II Polonia Środa Wielkopolska
12%
III liga gr. III Carina Gubin
11%
III liga gr. IV Orlęta Radzyń Podlaski
11%
III liga gr. III LKS Goczałkowice Zdrój
10%
III liga gr. III Stal Brzeg
10%
III liga gr. II Jarota Jarocin
9%
III liga gr. I Pilica Białobrzegi
9%
III liga gr. IV Czarni Połaniec
8%
III liga gr. I GKS Wikielec
8%
III liga gr. III Gwarek Tarnowskie Góry
8%
III liga gr. IV Korona Rzeszów
8%
III liga gr. I Sokół Aleksandrów Łódzki
8%
III liga gr. IV ŁKS Łagów
7%
III liga gr. I Mamry Giżycko
7%
III liga gr. II Pogoń Nowe Skalmierzyce
7%
III liga gr. II Sokół Kleczew
7%
III liga gr. II Unia Janikowo
7%
III liga gr. I Błonianka Błonie
6%
III liga gr. III Foto-Higiena Gać
6%
III liga gr. II KP Starogard Gdański
6%
III liga gr. I KS Kutno
6%
III liga gr. IV Sokół Sieniawa
6%
III liga gr. IV Tomasovia Tomaszów Lubelski
6%
III liga gr. I Znicz Biała Piska
6%
III liga gr. II GKS Przodkowo
5%
III liga gr. II Kluczevia Stargard
5%
III liga gr. III Piast Żmigród
5%
III liga gr. I Wissa Szczuczyn
5%
III liga gr. III Pniówek Pawłowice Śląskie
4%
III liga gr. II Stolem Gniewino
4%
III liga gr. IV Wólczanka Wólka Pełkińska
4%
Nie znaleziono quizów pasujących do podanych kryteriów
Rozkład punktacji
Procent ludzi z każdym wynikiem
Percentyl według liczby udzielonych odpowiedzi
Twoja historia wyników
Nie rozwiązałeś tego quizu